000 00862cam a22002415a 4500
001 4851367
005 20180205102310.0
008 910430s1991 enka frb 001 0 eng d
020 _a185293171X
020 _a9781852931711
040 _aDLC
_cDLC
_dDLC
_beng
082 0 4 _a338.6042
_222
_bCHA
245 0 4 _aThe Changing geography of advanced producer services :
_btheoretical and empirical perspectives /
_cedited by Peter W. Daniels and Frank Moulaert.
260 _aLondon ;
_aNew York :
_bBelhaven Press,
_c1991.
300 _axii, 216 p. :
_bill. ;
_c24 cm.
504 _aIncludes bibliographical references and index.
541 _aDonation from David Kirby.
650 7 _aService industries
_xLocation.
_2BUEsh
_935101
653 _bGGEN
_cFebruary2018
700 1 _aDaniels, P. W.,
_935009
_eeditor.
700 1 _aMoulaert, Frank,
_eeditor.
942 _2ddc
999 _c26084
_d26056